000 00448nam a22001457a 4500
020 _a9789699704024
082 _a323.4
_bCHH
100 _aMuhammad Ashraf Chheenah
245 _aSlavery and human rights through the ages : from ancient to the medieval periods Vol-1
_cMuhammad Ashraf Chheenah
260 _aIslamabad:
_bI.S.R.C;
_c2017.
300 _a487p.
563 _aH.B
650 _aSlavery
_aHuman rights
_9117989
942 _2ddc
_cBK
999 _c595281
_d595281